BIBLIOTECA

SENCICO

Ergonomía 2: Confort y estrés térmico (Registro nro. 1530)

Detalles MARC
000 -LEADER
fixed length control field 00835nam a2200253Ia 4500
005 - DATE AND TIME OF LATEST TRANSACTION
control field 20251020182514.0
008 - FIXED-LENGTH DATA ELEMENTS--GENERAL INFORMATION
fixed length control field 200515s9999 xx 000 0 und d
082 ## - DEWEY DECIMAL CLASSIFICATION NUMBER
Classification number 658.3/M77/2
100 ## - MAIN ENTRY--PERSONAL NAME
Personal name Blasco, Joan
100 ## - MAIN ENTRY--PERSONAL NAME
Personal name Gregori, Enrique
100 ## - MAIN ENTRY--PERSONAL NAME
Personal name Mondelo, Pedro R.
245 #0 - TITLE STATEMENT
Title Ergonomía 2: Confort y estrés térmico
250 ## - EDITION STATEMENT
Edition statement 3a ed.
260 ## - PUBLICATION, DISTRIBUTION, ETC.
Place of publication, distribution, etc. México, DF
260 ## - PUBLICATION, DISTRIBUTION, ETC.
Name of publisher, distributor, etc. Alfaomega
260 ## - PUBLICATION, DISTRIBUTION, ETC.
Date of publication, distribution, etc. 2001
300 ## - PHYSICAL DESCRIPTION
Extent 209 p.
500 ## - GENERAL NOTE
General note 1 ejemplar
520 ## - SUMMARY, ETC.
Summary, etc. La valoración del confort y del estrés térmico revisten cada día mayor importancia y son múltiples las publicaciones que abordan el tema. Un ambiente térmico inadecuado causa reducciones de los rendimientos físico y mental y, por tanto, de la productivida
650 ## - SUBJECT ADDED ENTRY--TOPICAL TERM
Topical term or geographic name entry element CONFORT
650 ## - SUBJECT ADDED ENTRY--TOPICAL TERM
Topical term or geographic name entry element ERGONOMIA
942 ## - ADDED ENTRY ELEMENTS (KOHA)
Koha item type Libros
Existencias
Fecha de la última vez que lo usaron Pago total Signatura topográfica completa Código de barras Precio efectivo desde Tipo de documento Estado perdido Estado dañado No es para préstamo Retirado Ubicación permanente Ubicación actual Fecha de adquisición
15/05/2020   658.3/M77/2 Bib-Lima15051530 15/05/2020 Libros         Biblioteca Central Lima Biblioteca Central Lima 15/05/2020